000 00272nam a2200109Ia 4500
008 220204s9999 xx 000 0 und d
082 _bHOU
100 _aWallace
245 0 _aAccounting terms and book-keeping procedures explained
260 _aBritain
_c1980
942 _cBK
999 _c37113
_d37113